| 000 | 01769cam a2200241 4500 | ||
|---|---|---|---|
| 001 | L0922154716 | ||
| 008 | 030331n2002 xxud f s 000 0 eng u | ||
| 020 | _a0922154716 | ||
| 035 | _a(Sirsi) u121807 | ||
| 041 | 0 | _aeng | |
| 050 | 0 | 4 | _a333.2/32 $2 22 |
| 245 |
_aValuing contaminated properties _ban Appraisal Institute anthology |
||
| 260 |
_aAppraisal Insitute _bChicago _c2002 |
||
| 300 |
_axviii, 701p. _bill. _c28cm. |
||
| 350 | _a29.75 | ||
| 505 | 2 | _aThe evolution of appraisal methods ? Contaminated properties and the real estate process: articles of general applicability ? Inspections, disclosures, environmental site assessments and remediation processes ? Understanding, analysing and estimating stigma ? Contaminated properties and the three traditional approaches to value ? Mortgage lenders and contaminated property ? Appraising properties affected by the various forms of environmental contamination ? Contaminated properties and the tax assessment process ? Superfund sites, hazardous waste disposal, brown-field initiatives and risk-based assessments ? Environmental insurance and environmental indemnities and guarantee programmes ? legal issues and valuation in litigation settings | |
| 520 | _aCollection of 62 articles which provides a wide-ranging overview of the appraisal literature on the methods applied to deal with the various forms of contamination impacting on property, the stigma the market attaches to environmental risk, and the changing US legal environment in which these issues are addressed. Examines the many techniques used to value contaminated property. | ||
| 590 | _aka | ||
| 651 | 4 |
_aUnited States _y1959- |
|
| 690 | _aPROPERTY-PROPERTY APPRAISAL AND VALUATION | ||
| 700 | _aRoddewig, Richard J. | ||
| 942 | _n0 | ||
| 999 |
_c102746 _d102746 |
||